Focus sur: Hild - Tolkien - Statistiques

Statistiques générales
  • Ce quiz a été pris 4 fois
  • Le résultat moyen est 6 sur 11
Statistiques - réponses
Informations recherchées Réponses % Correct
Couleur des cheveux Blond
100%
Espèce Homme
75%
Première mention Le Seigneur des Anneaux: Le Retour du Roi
75%
Royaume Rohan
75%
Titre Noble du Rohan
50%
Ages durant lequel il vécut Troisième
50%
Cité Edoras
25%
Fils Fréaláf
25%
Père Gram
25%
Frère Helm
25%
Maison (lignée) Maison d'{Eorl}
25%
Aucun quiz correspondant
Distribution des résultats
% des personnes avec chaque résultat
Percentile par nombre de réponses
Votre historique - résultats
Vous n’avez pas pris ce quiz